[Event "Regensburg Donau Cup 2nd"]
[Site "Regensburg"]
[Date "2018.05.13"]
[Round "7"]
[White "Regensburger, Paul"]
[Black "Spreer, Lutz"]
[Result "1-0"]
[WhiteElo "1484"]
[BlackElo "1627"]
[PlyCount "137"]
[EventDate "2018.05.09"]
[EventType "swiss"]
[EventRounds "7"]
[EventCountry "GER"]
[SourceTitle "CBM 184 Extra"]
[Source "ChessBase"]
[SourceDate "2018.06.28"]
[SourceVersion "1"]
[SourceVersionDate "2018.06.28"]
[SourceQuality "1"]

1. e4 d5 2. exd5 Nf6 3. d4 Nxd5 4. c4 Nb4 5. a3 N4c6 6. Nf3 Bg4 7. d5 Ne5 8. Qa4+ Bd7 9. Qb3 Nxf3+ 10. Qxf3 g6 11. Bd3 Bg7 12. Nc3 0-0 13. 0-0 c6 14. Re1 e6 15. Bf4 cxd5 16. cxd5 exd5 17. Nxd5 Bc6 18. Be4 f5 19. Ne7+ Kh8 20. Bxc6 Nxc6 21. Nxc6 bxc6 22. Qxc6 Qd4 23. Qd6 Qxb2 24. Be5 Bxe5 25. Qxe5+ Qxe5 26. Rxe5 Rfe8 27. Rae1 Rec8 28. g3 Kg8 29. Re7 Rf8 30. Rb1 Rfe8 31. Rbb7 Rxe7 32. Rxe7 a5 33. a4 h5 34. h4 Kf8 35. Rb7 Rd8 36. Rb5 Ra8 37. Kg2 Kf7 38. Kf3 Ra6 39. Kf4 Kg7 40. Kg5 Kf7 41. Rb7+ Kf8 42. Kh6 Re6 43. Ra7 Re2 44. Kxg6 Rxf2 45. Rf7+ Ke8 46. Rxf5 Rg2 47. Rg5 Ke7 48. Kxh5 Kf6 49. Kg4 Rb2 50. Rxa5 Rb4+ 51. Kh5 Rb8 52. Ra6+ Kf5 53. g4+ Kf4 54. Rf6+ Kg3 55. g5 Ra8 56. g6 Rh8+ 57. Kg5 Rxh4 58. Rf3+ Kxf3 59. Kxh4 Ke4 60. g7 Kd5 61. g8Q+ Kc5 62. Qb8 Kc6 63. a5 Kd7 64. a6 Ke7 65. a7 Ke6 66. a8Q Kf6 67. Qa5 Ke7 68. Qbb6 Ke8 69. Qaa7 1-0

[Event "Regensburg Donau Cup 2nd"]
[Site "Regensburg"]
[Date "2018.05.10"]
[Round "2"]
[White "Regensburger, Paul"]
[Black "Oberhofer, Marie"]
[Result "0-1"]
[WhiteElo "1484"]
[BlackElo "1705"]
[PlyCount "50"]
[EventDate "2018.05.09"]
[EventType "swiss"]
[EventRounds "7"]
[EventCountry "GER"]
[SourceTitle "CBM 184 Extra"]
[Source "ChessBase"]
[SourceDate "2018.06.28"]
[SourceVersion "1"]
[SourceVersionDate "2018.06.28"]
[SourceQuality "1"]

1. e4 c5 2. Nf3 d6 3. d4 cxd4 4. Nxd4 Nf6 5. Nc3 g6 6. Be3 Bg7 7. f3 0-0 8. Qd2 Nc6 9. Bc4 Bd7 10. 0-0-0 Rc8 11. Bb3 Ne5 12. h4 h5 13. Kb1 Re8 14. Rhe1 a6 15. Qf2 Nc4 16. Bxc4 Rxc4 17. Nde2 Qc8 18. Bd4 b5 19. b3 Rc7 20. Rc1 e5 21. Nd5 Nxd5 22. exd5 exd4 23. Nxd4 Rxe1 24. Rxe1 Bxd4 25. Qxd4 Rxc2 0-1

[Event "Nittenau-ch op 15th"]
[Site "Nittenau"]
[Date "2015.09.20"]
[Round "5"]
[White "Glaser, Max"]
[Black "Regensburger, Paul"]
[Result "1-0"]
[WhiteElo "1618"]
[BlackElo "1534"]
[PlyCount "61"]
[EventDate "2015.09.18"]
[EventType "swiss"]
[EventRounds "5"]
[EventCountry "GER"]
[SourceTitle "EXT 2017"]
[Source "ChessBase"]
[SourceDate "2016.10.25"]
[SourceVersion "1"]
[SourceVersionDate "2016.10.25"]
[SourceQuality "1"]

1. e4 c5 2. d3 Nc6 3. Nf3 b6 4. g3 Bb7 5. Bg2 g6 6. c3 Bg7 7. 0-0 e6 8. Nbd2 Nge7 9. Re1 0-0 10. Qc2 Qc7 11. Nc4 b5 12. Na3 a6 13. Be3 d6 14. Qd2 Rac8 15. Rac1 Rfd8 16. d4 c4 17. Nc2 f5 18. exf5 Nxf5 19. Ng5 Re8 20. Bf4 e5 21. Bd5+ Kh8 22. Nf7+ Kg8 23. Nxd6+ Kf8 24. dxe5 Nxd6 25. exd6 Qd7 26. Rxe8+ Rxe8 27. Re1 Be5 28. Bxe5 Nxe5 29. Qf4+ Kg7 30. Rxe5 Bxd5 31. Rxd5 1-0

[Event "Nittenau-ch 14th"]
[Site "Nittenau"]
[Date "2014.09.07"]
[Round "5"]
[White "Gehringer, Frank"]
[Black "Regensburger, Paul"]
[Result "1-0"]
[WhiteElo "1837"]
[BlackElo "1515"]
[PlyCount "93"]
[EventDate "2014.09.05"]
[EventType "swiss"]
[EventRounds "5"]
[EventCountry "GER"]
[SourceTitle "CBM 162 Extra"]
[Source "ChessBase"]
[SourceDate "2014.10.17"]
[SourceVersion "1"]
[SourceVersionDate "2014.10.17"]
[SourceQuality "1"]

1. Nf3 Nf6 2. g3 g6 3. Bg2 Bg7 4. c4 d5 5. cxd5 Nxd5 6. d4 0-0 7. e4 Nb6 8. 0-0 e6 9. Nc3 Nc6 10. Ne2 Re8 11. b3 Ne7 12. Rb1 Nd7 13. Qc2 b6 14. Bf4 Bb7 15. b4 Rc8 16. Rfc1 Nf6 17. Nd2 c6 18. Nc4 Nh5 19. Be3 Ba6 20. e5 Nd5 21. g4 Nxe3 22. fxe3 Bh6 23. gxh5 Bxc4 24. Qxc4 Bxe3+ 25. Kh1 Bxc1 26. Rxc1 Re7 27. Bxc6 Rec7 28. b5 Kg7 29. hxg6 hxg6 30. Qd3 Rxc6 31. Rxc6 Rxc6 32. bxc6 Qd5+ 33. Kg1 Qxc6 34. Qc3 Qe4 35. Kf2 Qh4+ 36. Kg2 Qe4+ 37. Qf3 Qc2 38. a3 a5 39. Kf2 b5 40. Qf6+ Kg8 41. Qd8+ Kg7 42. Qxa5 Qf5+ 43. Ke3 Qh3+ 44. Kd2 Qxh2 45. Qxb5 Qh6+ 46. Kc2 g5 47. a4 1-0

[Event "Nittenau-ch 14th"]
[Site "Nittenau"]
[Date "2014.09.06"]
[Round "2"]
[White "Riedl, Maximilian"]
[Black "Regensburger, Paul"]
[Result "1/2-1/2"]
[WhiteElo "1896"]
[BlackElo "1515"]
[PlyCount "118"]
[EventDate "2014.09.05"]
[EventType "swiss"]
[EventRounds "5"]
[EventCountry "GER"]
[SourceTitle "CBM 162 Extra"]
[Source "ChessBase"]
[SourceDate "2014.10.17"]
[SourceVersion "1"]
[SourceVersionDate "2014.10.17"]
[SourceQuality "1"]

1. Nf3 Nf6 2. g3 g6 3. Bg2 Bg7 4. 0-0 0-0 5. d3 d5 6. Nbd2 c5 7. e4 dxe4 8. dxe4 Nc6 9. c3 Re8 10. Re1 e5 11. Qe2 b6 12. Nb3 Bb7 13. Bg5 h6 14. Rad1 Qc7 15. Bc1 Rad8 16. Nh4 Rxd1 17. Rxd1 Rd8 18. Rxd8+ Qxd8 19. Qd2 Kh7 20. f3 c4 21. Qxd8 Nxd8 22. Nd2 b5 23. Bf1 Ne6 24. b3 cxb3 25. axb3 a6 26. Ba3 Bf8 27. Bxf8 Nxf8 28. Kf2 N8d7 29. Bd3 Nc5 30. Bc2 Kg7 31. Ke3 Ba8 32. Ng2 Bb7 33. Ne1 g5 34. Nd3 Nxd3 35. Bxd3 Nd7 36. b4 Nb6 37. c4 bxc4 38. Nxc4 Nxc4+ 39. Bxc4 Kf6 40. f4 gxf4+ 41. gxf4 exf4+ 42. Kxf4 Kg7 43. Ke5 f6+ 44. Kf5 Bc8+ 45. Kf4 Bb7 46. Be6 Bc6 47. Bc8 Bb5 48. Bf5 Bc6 49. Ke3 Kf7 50. Kd4 Ke7 51. Bc8 Bb5 52. Kd5 Bd3 53. Bb7 Bf1 54. Kc5 Ke6 55. Kd4 Kd6 56. Bd5 Bh3 57. Bc4 Bc8 58. Be2 Bb7 59. Bc4 Bc8 1/2-1/2

[Event "Nittenau-ch 13th"]
[Site "Nittenau"]
[Date "2013.09.15"]
[Round "4"]
[White "Oberhofer, Peter"]
[Black "Regensburger, Paul"]
[Result "1-0"]
[WhiteElo "1744"]
[BlackElo "1453"]
[PlyCount "83"]
[EventDate "2013.09.13"]
[EventType "swiss"]
[EventRounds "5"]
[EventCountry "GER"]
[SourceTitle "EXT 2022"]
[Source "ChessBase"]
[SourceDate "2021.10.06"]
[SourceVersion "1"]
[SourceVersionDate "2021.10.06"]
[SourceQuality "1"]

1. d4 Nf6 2. c4 g6 3. Nf3 Bg7 4. g3 d5 5. cxd5 Nxd5 6. Bg2 0-0 7. 0-0 Bf5 8. Nc3 Nxc3 9. bxc3 c6 10. Qb3 b5 11. Rd1 Be4 12. a4 Bd5 13. Qc2 Nd7 14. e4 Bc4 15. Nd2 Qc7 16. Nxc4 bxc4 17. Qe2 e5 18. Qxc4 exd4 19. cxd4 Rad8 20. Bf4 Qc8 21. Rac1 Nb6 22. Qb4 Qd7 23. a5 Nc8 24. e5 Ne7 25. Qc5 Rc8 26. Qd6 Rfd8 27. Qxd7 Rxd7 28. Bh3 Nf5 29. Bxf5 gxf5 30. d5 c5 31. Rc4 Re8 32. Rxc5 Bxe5 33. Bxe5 Rxe5 34. Rc8+ Kg7 35. Ra8 Rexd5 36. Rxd5 Rxd5 37. Rxa7 h6 38. Kg2 Kg6 39. a6 Rd6 40. Ra8 Kf6 41. Rh8 Kg7 42. a7 1-0

[Event "Nittenau-ch 13th"]
[Site "Nittenau"]
[Date "2013.09.14"]
[Round "2"]
[White "Schilay, Lorenz"]
[Black "Regensburger, Paul"]
[Result "1-0"]
[WhiteElo "1644"]
[BlackElo "1453"]
[PlyCount "54"]
[EventDate "2013.09.13"]
[EventType "swiss"]
[EventRounds "5"]
[EventCountry "GER"]
[SourceTitle "EXT 2022"]
[Source "ChessBase"]
[SourceDate "2021.10.06"]
[SourceVersion "1"]
[SourceVersionDate "2021.10.06"]
[SourceQuality "1"]

1. e4 c5 2. Nc3 Nc6 3. g3 g6 4. Bg2 Bg7 5. d3 Nf6 6. Be3 d6 7. h3 a6 8. a4 0-0 9. f4 Rb8 10. Nf3 Qc7 11. 0-0 b5 12. axb5 axb5 13. Qd2 Rd8 14. g4 e5 15. f5 d5 16. exd5 Nxd5 17. Bxc5 Nxc3 18. bxc3 gxf5 19. gxf5 Bxf5 20. Nh4 Bg6 21. Nxg6 hxg6 22. Qf2 Rd7 23. Ra6 Nd8 24. Ra7 Nb7 25. Bb4 Qc8 26. Qb6 Nd8 27. Qxb8 Qxb8 1-0

[Event "Nittenau-ch 10th"]
[Site "Nittenau"]
[Date "2010.09.18"]
[Round "3"]
[White "Regensburger, Paul"]
[Black "Hessler, Markus"]
[Result "1/2-1/2"]
[WhiteElo "1339"]
[BlackElo "1755"]
[PlyCount "53"]
[EventDate "2010.09.17"]
[EventType "swiss"]
[EventRounds "5"]
[EventCountry "GER"]
[SourceTitle "EXT 2022"]
[Source "ChessBase"]
[SourceDate "2021.10.06"]
[SourceVersion "1"]
[SourceVersionDate "2021.10.06"]
[SourceQuality "1"]

1. c4 Nf6 2. Nc3 g6 3. g3 Bg7 4. Bg2 0-0 5. e4 c5 6. Nge2 d6 7. 0-0 Nc6 8. d3 e5 9. a3 a5 10. Rb1 Nh5 11. Nd5 f5 12. f4 exf4 13. Ndxf4 Nxf4 14. Nxf4 Nd4 15. Ne2 Nxe2+ 16. Qxe2 Bd4+ 17. Be3 Bxe3+ 18. Qxe3 Re8 19. Rbe1 Qe7 20. Qf2 Qg7 21. exf5 Rxe1 22. Rxe1 Bxf5 23. Be4 Bg4 24. Bd5+ Kh8 25. Qe3 Qxb2 26. Qe7 Qd4+ 27. Qe3 1/2-1/2